[Event "L.Rudenko Memorial 2011"]
[Site "St. Petersburg"]
[Date "2011.08.29"]
[Round "7"]
[White "Doluhanova, Evgeniya"]
[Black "Zakurdjaeva, Irina"]
[Result "1-0"]
[WhiteElo "2227"]
[BlackElo "2268"]
[PlyCount "81"]
[EventDate "2011.08.23"]

1. e4 e5 2. Nf3 Nc6 3. d4 exd4 4. Nxd4 Nf6 5. Nxc6 bxc6 6. e5 Qe7 7. Qe2 Nd5 8.
c4 Nb6 9. b3 g6 10. Bb2 Bg7 11. g3 O-O 12. Bg2 d5 13. O-O Ba6 14. Re1 Rab8 15.
Ba3 c5 16. Qe3 Rfe8 17. f4 d4 18. Qf2 f6 19. Bc6 fxe5 20. Nd2 Rf8 21. Bf3 Kh8
22. Rad1 Nd7 23. Qxd4 Qf7 24. Qd5 exf4 25. Qxf7 Rxf7 26. Bd5 Bd4+ 27. Kg2 Rff8
28. Nf3 Bc3 29. Re7 Nf6 30. Bc6 fxg3 31. hxg3 Rb6 32. Rxc7 Rxc6 33. Rxc6 Bb7
34. Bxc5 Rf7 35. Rc8+ Kg7 36. Rd3 Ne4 37. Bf8+ Kf6 38. Rb8 Rxf8 39. Rxf8+ Ke7
40. Rb8 Bc6 41. Rc8 1-0

[Event "L.Rudenko Memorial 2011"]
[Site "St. Petersburg"]
[Date "2011.08.29"]
[Round "7"]
[White "Molchanova, Tatjana"]
[Black "Bivol, Alina"]
[Result "1-0"]
[WhiteElo "2346"]
[BlackElo "2171"]
[PlyCount "45"]
[EventDate "2011.08.23"]

1. d4 d5 2. Nf3 Nf6 3. c4 c6 4. e3 a6 5. a4 g6 6. Be2 Bg7 7. O-O O-O 8. Nc3
Nbd7 9. cxd5 cxd5 10. a5 e6 11. Bd2 Ne4 12. Na4 Nxd2 13. Qxd2 Re8 14. Rfc1 Bf8
15. Rc2 Qe7 16. Ne5 Rb8 17. Rc7 Qd8 18. Rc2 Bd6 19. f4 Nf6 20. Bd3 Bd7 21. Nc5
Qe7 22. Rac1 Rec8 23. Ncxd7 1-0

[Event "L.Rudenko Memorial 2011"]
[Site "St. Petersburg"]
[Date "2011.08.29"]
[Round "7"]
[White "Baraeva, Marina"]
[Black "Korchagina, Viktoria"]
[Result "1-0"]
[WhiteElo "2197"]
[BlackElo "2109"]
[PlyCount "95"]
[EventDate "2011.08.23"]

1. d4 Nf6 2. c4 g6 3. Nc3 d5 4. cxd5 Nxd5 5. e4 Nxc3 6. bxc3 Bg7 7. Bc4 c5 8.
Ne2 Nc6 9. Be3 O-O 10. O-O Na5 11. Bd3 b6 12. dxc5 bxc5 13. Bxc5 Qc7 14. Bd4 e5
15. Be3 Be6 16. Qc2 Nc4 17. Bxc4 Qxc4 18. f3 a5 19. a4 Rab8 20. Rfd1 Rb3 21.
Qd3 Rfb8 22. Kf2 Rb2 23. Qxc4 Bxc4 24. Rd2 Rxd2 25. Bxd2 Rb2 26. Ke1 Bh6 27.
Rd1 Bxe2 28. Kxe2 Ra2 29. Kd3 Bxd2 30. Rxd2 Rxa4 31. Kc2 Kg7 32. Kb3 Ra1 33.
Ra2 Rb1+ 34. Kc4 h5 35. Kd5 Kf6 36. c4 Rd1+ 37. Kc6 Ke6 38. c5 Rc1 39. Kb6 Rb1+
40. Kc7 Rc1 41. c6 Ke7 42. Rxa5 f6 43. Ra2 Ke6 44. Rd2 Rc3 45. h4 Rc1 46. Rd6+
Ke7 47. Rd7+ Ke6 48. Rg7 1-0

[Event "L.Rudenko Memorial 2011"]
[Site "St. Petersburg"]
[Date "2011.08.29"]
[Round "7"]
[White "Kindinova, Ekaterina"]
[Black "Travkina, Anastasia"]
[Result "0-1"]
[WhiteElo "2159"]
[BlackElo "2176"]
[PlyCount "78"]
[EventDate "2011.08.23"]

1. e4 c5 2. Nf3 d6 3. d4 cxd4 4. Nxd4 Nf6 5. Nc3 g6 6. Be3 Bg7 7. f3 Nc6 8. Qd2
O-O 9. Bc4 Bd7 10. O-O-O Rb8 11. h4 b5 12. Ndxb5 Ne5 13. Be2 Qa5 14. Nd4 Rfc8
15. Nb3 Rxb3 16. cxb3 Qxa2 17. Qc2 Qa5 18. Kd2 d5 19. Ke1 dxe4 20. Kf2 exf3 21.
gxf3 Nd5 22. Bd4 Bf5 23. Qc1 Nd3+ 24. Rxd3 Bxd3 25. Bxg7 Qc5+ 26. Kg3 Qd6+ 27.
Kf2 Kxg7 28. h5 Nxc3 29. h6+ Kf8 30. bxc3 Qc5+ 31. Qe3 Qxe3+ 32. Kxe3 Bxe2 33.
Kxe2 Rxc3 34. Ra1 Rxb3 35. Rxa7 Rb8 36. Ke3 f6 37. f4 Kf7 38. Ke4 Rb5 39. Ra8
Rh5 0-1

[Event "L.Rudenko Memorial 2011"]
[Site "St. Petersburg"]
[Date "2011.08.29"]
[Round "7"]
[White "Kostrikina, Anna"]
[Black "Balaian, Alina"]
[Result "1-0"]
[WhiteElo "2079"]
[BlackElo "2163"]
[PlyCount "55"]
[EventDate "2011.08.23"]

1. e4 e6 2. d4 d5 3. Nd2 Nf6 4. e5 Nfd7 5. Bd3 c5 6. c3 Nc6 7. Ne2 cxd4 8. cxd4
Qb6 9. Nf3 f6 10. exf6 Nxf6 11. O-O Bd6 12. Re1 O-O 13. Bf4 Bxf4 14. Nxf4 Ne4
15. g3 Qxb2 16. Bxe4 dxe4 17. Rxe4 Rd8 18. Re2 Qc3 19. Re3 Qc4 20. Rd3 Qb5 21.
Rc1 b6 22. a4 Qa5 23. Rxc6 Qf5 24. h4 Bd7 25. Rc7 Qa5 26. Ne5 Bxa4 27. Qg4 Qe1+
28. Kg2 1-0

[Event "L.Rudenko Memorial 2011"]
[Site "St. Petersburg"]
[Date "2011.08.29"]
[Round "7"]
[White "Vronskaya, Anna"]
[Black "Azimova, Karina"]
[Result "0-1"]
[WhiteElo "1864"]
[BlackElo "2067"]
[PlyCount "116"]
[EventDate "2011.08.23"]

1. d4 Nf6 2. c4 g6 3. Nc3 Bg7 4. e4 d6 5. f4 O-O 6. Nf3 c5 7. d5 e6 8. dxe6
Bxe6 9. Bd3 Nc6 10. f5 Bc8 11. O-O Ng4 12. Nd5 Ne7 13. Nxe7+ Qxe7 14. Rb1 Re8
15. h3 Ne5 16. Nxe5 Bxe5 17. Qf3 Bd7 18. Bh6 Qf6 19. fxg6 Qxf3 20. Rxf3 hxg6
21. Rbf1 f6 22. Bf4 Bd4+ 23. Kh1 Re6 24. b3 Kg7 25. Bb1 Bc6 26. a3 a5 27. Bg3
Rd8 28. Bf2 Bb2 29. Be1 b6 30. Bc3 Bxc3 31. Rxc3 Bxe4 32. Bxe4 Rxe4 33. Rd3 Kf7
34. Kh2 Ke6 35. Rg3 g5 36. Rgf3 Rf8 37. Rd1 Re5 38. Rfd3 Rd8 39. Rd5 Re3 40.
Rb1 b5 41. Rbd1 Rd7 42. R1d3 Rxd3 43. Rxd3 bxc4 44. bxc4 d5 45. cxd5+ Rxd5 46.
Re3+ Re5 47. Rc3 Kd5 48. g4 Re4 49. Kg2 Kd4 50. Rb3 Re3 51. Rb6 Rxa3 52. Rxf6
c4 53. Rf5 c3 54. Rf3 Rb3 55. Rf1 c2 56. Rc1 Kc3 57. Kf2 Rb1 58. Rxb1 cxb1=Q
0-1

[Event "L.Rudenko Memorial 2011"]
[Site "St. Petersburg"]
[Date "2011.08.29"]
[Round "7"]
[White "Maidanova, Irina"]
[Black "Markelova, Lubov"]
[Result "0-1"]
[WhiteElo "1861"]
[BlackElo "2074"]
[PlyCount "60"]
[EventDate "2011.08.23"]

1. e4 c5 2. Nf3 Nc6 3. d4 cxd4 4. Nxd4 Qb6 5. Nb3 Nf6 6. Nc3 e6 7. a3 a6 8. Be3
Qc7 9. f4 d6 10. Be2 b5 11. Bf3 Bb7 12. Qd2 Be7 13. O-O O-O 14. Rad1 Rac8 15.
Qf2 b4 16. axb4 Nxb4 17. Nd4 d5 18. e5 Ne4 19. Bxe4 dxe4 20. Qg3 Bc5 21. f5
Bxd4 22. Bxd4 exf5 23. Rxf5 Nxc2 24. Qf2 Nxd4 25. Rxd4 g6 26. Rf4 Qxe5 27. Rd7
e3 28. Qf1 Bxg2 29. Kxg2 Rxc3 30. Rfxf7 Rc2+ 0-1

[Event "L.Rudenko Memorial 2011"]
[Site "St. Petersburg"]
[Date "2011.08.29"]
[Round "7"]
[White "Styazhkina, Anna"]
[Black "Kiseleva, Arina"]
[Result "1-0"]
[WhiteElo "2039"]
[BlackElo "1846"]
[PlyCount "51"]
[EventDate "2011.08.23"]

1. e4 c5 2. Nc3 Nc6 3. g3 g6 4. Bg2 Bg7 5. d3 Rb8 6. f4 d6 7. Nf3 b5 8. a3 Bd7
9. O-O h5 10. Nd5 Nh6 11. f5 gxf5 12. Nh4 Ng4 13. Nxf5 Bxf5 14. exf5 Bd4+ 15.
Kh1 Qd7 16. c3 Be5 17. Bf4 a5 18. Bxe5 Ncxe5 19. d4 cxd4 20. cxd4 Nc4 21. Qe2
Nb6 22. f6 Nxd5 23. Bxd5 e6 24. h3 Nh6 25. Rac1 Nf5 26. Rxf5 1-0

[Event "L.Rudenko Memorial 2011"]
[Site "St. Petersburg"]
[Date "2011.08.29"]
[Round "7"]
[White "Grebennikova, Tatyana"]
[Black "Manina, Ksenia"]
[Result "1/2-1/2"]
[WhiteElo "2009"]
[BlackElo "2003"]
[PlyCount "84"]
[EventDate "2011.08.23"]

1. c4 Nf6 2. Nf3 e6 3. g3 d5 4. b3 Be7 5. Bb2 O-O 6. Bg2 c5 7. O-O Nc6 8. cxd5
Nxd5 9. Nc3 Bf6 10. Rc1 Nxc3 11. Bxc3 Bxc3 12. Rxc3 Qd6 13. Qc1 b6 14. Qb1 Bb7
15. Ng5 g6 16. Ne4 Qe7 17. d3 f5 18. Nd2 Nd4 19. Qd1 Bxg2 20. Kxg2 e5 21. e3
Nb5 22. Rc4 Rad8 23. Qe2 Rd7 24. a4 Nd6 25. Rc2 Kg7 26. Rd1 Rfd8 27. Rcc1 Nf7
28. Nc4 Nd6 29. f3 Nxc4 30. dxc4 Rd6 31. Kf1 Qd7 32. Ke1 Rd3 33. Rb1 Kf6 34.
Rxd3 Qxd3 35. Qxd3 Rxd3 36. Ke2 e4 37. h3 Ke5 38. f4+ Kf6 39. h4 h6 40. a5 h5
41. b4 cxb4 42. Rxb4 Rd6 1/2-1/2

[Event "L.Rudenko Memorial 2011"]
[Site "St. Petersburg"]
[Date "2011.08.29"]
[Round "7"]
[White "Katyshkina, Anastasia"]
[Black "Chernyak, Viktoria"]
[Result "1/2-1/2"]
[WhiteElo "1936"]
[BlackElo "1768"]
[PlyCount "81"]
[EventDate "2011.08.23"]

1. e4 c5 2. Nf3 e6 3. c4 d6 4. Nc3 Nf6 5. Be2 Be7 6. O-O O-O 7. d4 cxd4 8. Nxd4
Nc6 9. Be3 Bd7 10. f4 Nxd4 11. Bxd4 Bc6 12. Bd3 Nd7 13. Qe2 Bf6 14. Bxf6 Qxf6
15. Rad1 Rad8 16. Bc2 Nc5 17. Rf3 a5 18. Qf2 b6 19. Re1 g6 20. Rf1 Qg7 21. Rh3
f5 22. exf5 exf5 23. Rd1 Qf7 24. Nd5 Bxd5 25. Rxd5 Qf6 26. Bb1 Rfe8 27. Rg3 Kh8
28. h3 Re6 29. Rd1 Rde8 30. Bd3 Kg7 31. Kh2 Rd8 32. Qc2 Qf8 33. Bf1 Re4 34. Rf3
h6 35. Qf2 Kf7 36. b3 Re7 37. a3 Rb7 38. Qd2 Rbd7 39. Qf2 Rb7 40. b4 axb4 41.
axb4 1/2-1/2

[Event "L.Rudenko Memorial 2011"]
[Site "St. Petersburg"]
[Date "2011.08.29"]
[Round "7"]
[White "Petrochenko, Maria"]
[Black "Botalova, Yulia"]
[Result "0-1"]
[WhiteElo "1491"]
[BlackElo "1969"]
[PlyCount "102"]
[EventDate "2011.08.23"]

1. d4 d5 2. c4 e6 3. Nf3 Nf6 4. g3 Nbd7 5. Qc2 Be7 6. Bg2 O-O 7. O-O c6 8. Nbd2
b6 9. e4 dxe4 10. Nxe4 Bb7 11. b3 c5 12. Nxf6+ Bxf6 13. Bb2 cxd4 14. Nxd4 Bxg2
15. Kxg2 Qc7 16. Nf3 Qc6 17. Bxf6 Nxf6 18. Qe2 h6 19. Rfd1 Rad8 20. Kg1 Qe4 21.
Qxe4 Nxe4 22. Rac1 a6 23. Nd4 Rd6 24. f3 Rfd8 25. fxe4 Rxd4 26. Re1 Rd2 27. Ra1
Rb2 28. Red1 Rdd2 29. Rxd2 Rxd2 30. a4 Rb2 31. Ra3 a5 32. h3 Kf8 33. Kf1 Ke7
34. e5 Kd7 35. Ke1 Rc2 36. Kd1 Rc3 37. Kd2 Rxg3 38. h4 Rh3 39. h5 Rxh5 40. Ra1
Rxe5 41. Rf1 Rf5 42. Rg1 Rg5 43. Rf1 f5 44. Rf3 Rg4 45. Ke3 g6 46. Rh3 h5 47.
Kf3 h4 48. Kf2 e5 49. Rd3+ Rd4 50. Rh3 g5 51. Ke2 e4 0-1

[Event "L.Rudenko Memorial 2011"]
[Site "St. Petersburg"]
[Date "2011.08.29"]
[Round "7"]
[White "Butneva, Larisa"]
[Black "Elizarova, Taisia"]
[Result "1-0"]
[WhiteElo "1868"]
[BlackElo "1662"]
[PlyCount "47"]
[EventDate "2011.08.23"]

1. c4 Nf6 2. Nc3 g6 3. d4 Bg7 4. e4 d6 5. Be2 Nbd7 6. Be3 e5 7. Nf3 O-O 8. dxe5
dxe5 9. h3 c6 10. Qd2 Re8 11. Rd1 Qc7 12. O-O a5 13. a4 h5 14. Ng5 Nf8 15. f4
N8h7 16. f5 Nxg5 17. Bxg5 Rf8 18. c5 Qe7 19. Qe3 Bd7 20. Rd6 Rad8 21. Qg3 Kh7
22. Qh4 gxf5 23. Bxf6 Bxf6 24. Rxf6 1-0

[Event "L.Rudenko Memorial 2011"]
[Site "St. Petersburg"]
[Date "2011.08.29"]
[Round "7"]
[White "Savrova, Lidia"]
[Black "Yusupova, Lilia"]
[Result "1-0"]
[WhiteElo "1591"]
[BlackElo "1672"]
[PlyCount "93"]
[EventDate "2011.08.23"]

1. Nf3 c5 2. b3 d5 3. e3 Nf6 4. Bb2 e6 5. d4 Nbd7 6. Nbd2 Bd6 7. Bd3 b6 8. O-O
O-O 9. e4 dxe4 10. Nxe4 Nxe4 11. Bxe4 Rb8 12. c4 cxd4 13. Qxd4 Nf6 14. Rad1 Be7
15. Qe5 Bd7 16. Bc2 Ne8 17. Qh5 h6 18. Ne5 Nf6 19. Qh3 Rb7 20. Rd3 Qe8 21. Rfd1
Bc6 22. Rg3 Kh8 23. Ng4 Nxg4 24. Bxg7+ Kxg7 25. Qxg4+ Bg5 26. h4 f5 27. Qd4+ e5
28. Qc3 Rd7 29. hxg5 Rxd1+ 30. Bxd1 hxg5 31. Rxg5+ Kf6 32. Bh5 Kxg5 33. Bxe8
Rxe8 34. Qg3+ Kf6 35. Qh4+ Ke6 36. Qh6+ Kd7 37. Qh7+ Kd8 38. Qxf5 Bd7 39. Qf6+
Re7 40. Qd6 e4 41. Qd4 Kc7 42. c5 Re6 43. cxb6+ axb6 44. Qe3 Kb7 45. g3 Bc6 46.
Qf4 Re7 47. Qh6 1-0

[Event "L.Rudenko Memorial 2011"]
[Site "St. Petersburg"]
[Date "2011.08.30"]
[Round "8"]
[White "Doluhanova, Evgeniya"]
[Black "Romanko, Marina"]
[Result "1-0"]
[WhiteElo "2227"]
[BlackElo "2402"]
[PlyCount "179"]
[EventDate "2011.08.23"]

1. e4 c5 2. Nf3 d6 3. d4 cxd4 4. Nxd4 Nf6 5. Nc3 a6 6. Be3 e5 7. Nf3 Be7 8. Bc4
O-O 9. O-O Nc6 10. Bg5 Be6 11. Bb3 Ne8 12. Bxe7 Nxe7 13. Qd3 Ng6 14. Rfd1 Rc8
15. Rd2 Kh8 16. Rad1 Bg4 17. h3 Bd7 18. Qe3 Bc6 19. Nd5 Bxd5 20. Bxd5 Rc7 21.
Qb3 Qe7 22. g3 h6 23. Ne1 Nf6 24. Ng2 Qd7 25. Kh2 Ne7 26. Re2 Nfxd5 27. exd5 b5
28. f4 exf4 29. Nxf4 Rc4 30. Qd3 Nf5 31. c3 Rfc8 32. a3 a5 33. Rf1 Ne7 34. Ng2
Ng6 35. Ne3 R4c5 36. Ng4 h5 37. Ne3 Ne5 38. Qf5 Qxf5 39. Nxf5 Re8 40. Nd4 Kg8
41. Kg2 Rxd5 42. Nc6 a4 43. Nb4 Rc5 44. Nd3 Rcc8 45. Rfe1 f6 46. Nf4 h4 47.
gxh4 Kf7 48. Kg3 g5 49. hxg5 fxg5 50. Nd5 Rc5 51. Nb4 Rh8 52. Rf1+ Ke6 53. Ref2
Rh6 54. Nc2 Nc6 55. Ne3 Ne5 56. Nf5 Rh7 57. Nd4+ Kd7 58. Rf5 Rg7 59. Rd1 Rd5
60. Rdf1 Re7 61. Rxg5 Rc5 62. Rd1 Kc7 63. h4 Nc4 64. Nxb5+ Kb6 65. Nxd6 Nxb2
66. Rb1 Re2 67. Ne4 Rc4 68. Rg4 Kc6 69. Kf3 Rh2 70. Rg6+ Kd5 71. Nf6+ Kc5 72.
Nd7+ Kb5 73. Rxb2+ Rxb2 74. Rb6+ Ka5 75. Rxb2 Rxc3+ 76. Kg4 Rxa3 77. Nc5 Rc3
78. Nxa4 Kxa4 79. Re2 Kb5 80. h5 Kc6 81. h6 Rc1 82. Re5 Kd6 83. h7 Rc4+ 84. Kf5
Rh4 85. Re6+ Kd5 86. Re7 Kd6 87. Ra7 Rh1 88. Kf6 Rf1+ 89. Kg7 Rg1+ 90. Kf8 1-0

[Event "L.Rudenko Memorial 2011"]
[Site "St. Petersburg"]
[Date "2011.08.30"]
[Round "8"]
[White "Stjazhkina, Olga"]
[Black "Trapeznikova, Darya"]
[Result "1-0"]
[WhiteElo "2247"]
[BlackElo "1979"]
[PlyCount "39"]
[EventDate "2011.08.23"]

1. e4 e6 2. d4 d5 3. Nd2 c5 4. exd5 Qxd5 5. Ngf3 cxd4 6. Bc4 Qd6 7. O-O Nf6 8.
Nb3 Nc6 9. Nbxd4 Nxd4 10. Nxd4 a6 11. c3 Qc7 12. Bb3 Bd6 13. h3 O-O 14. Bg5 Nd7
15. Re1 Nc5 16. Bc2 b5 17. Qh5 g6 18. Qh4 Be5 19. Rxe5 Qxe5 20. Nc6 1-0

[Event "L.Rudenko Memorial 2011"]
[Site "St. Petersburg"]
[Date "2011.08.30"]
[Round "8"]
[White "Baraeva, Irina"]
[Black "Eidelson, Rakhil"]
[Result "0-1"]
[WhiteElo "2204"]
[BlackElo "2242"]
[PlyCount "94"]
[EventDate "2011.08.23"]

1. d4 Nf6 2. Nf3 g6 3. c4 Bg7 4. Nc3 O-O 5. e4 d6 6. Be2 Nbd7 7. O-O e5 8. Be3
Qe7 9. Qc2 c6 10. Rad1 h6 11. h3 Re8 12. d5 c5 13. a3 Rf8 14. b4 b6 15. Ne1 Nh7
16. f3 f5 17. exf5 gxf5 18. Nd3 f4 19. Bf2 Ndf6 20. Rfe1 Nh5 21. Ne4 Ng5 22.
Nxg5 Qxg5 23. Kh2 Ng3 24. Bf1 Bf5 25. Bxg3 Qxg3+ 26. Kh1 Rae8 27. Qf2 Qg5 28.
Qd2 e4 29. fxe4 Bxe4 30. Nf2 Bg6 31. Rxe8 Rxe8 32. Re1 Re3 33. Bd3 f3 34. gxf3
Rxd3 35. Qxg5 hxg5 36. Nxd3 Bxd3 37. bxc5 bxc5 38. Rg1 Bxc4 39. Rxg5 Bd3 40.
Kg1 Kf7 41. Kf2 c4 42. f4 Bf6 43. Rg4 Bd4+ 44. Ke1 c3 45. Rg3 Be4 46. Kd1 Kf6
47. h4 Kf5 0-1

[Event "L.Rudenko Memorial 2011"]
[Site "St. Petersburg"]
[Date "2011.08.30"]
[Round "8"]
[White "Butuc, Maria"]
[Black "Baraeva, Marina"]
[Result "0-1"]
[WhiteElo "2172"]
[BlackElo "2197"]
[PlyCount "40"]
[EventDate "2011.08.23"]

1. d4 d5 2. Nf3 Nf6 3. c4 c6 4. e3 Bg4 5. Qb3 Bxf3 6. Qxb7 Bg4 7. Qxa8 Qc7 8.
Nc3 dxc4 9. d5 Bd7 10. Bxc4 e6 11. dxc6 Bxc6 12. Nb5 Bb4+ 13. Ke2 Qe5 14. f4
Qh5+ 15. Kd3 Bxa8 16. Nc7+ Ke7 17. Nxa8 Rd8+ 18. Kc2 Qc5 19. b3 Qf5+ 20. Kb2
Ne4 0-1

[Event "L.Rudenko Memorial 2011"]
[Site "St. Petersburg"]
[Date "2011.08.30"]
[Round "8"]
[White "Zakurdjaeva, Irina"]
[Black "Molchanova, Tatjana"]
[Result "0-1"]
[WhiteElo "2268"]
[BlackElo "2346"]
[PlyCount "112"]
[EventDate "2011.08.23"]

1. e4 c6 2. d4 d5 3. e5 Bf5 4. Nf3 e6 5. Be2 Ne7 6. O-O c5 7. c3 Nec6 8. Bf4
Nd7 9. a3 Be7 10. h3 O-O 11. b4 cxd4 12. cxd4 f6 13. b5 Na5 14. exf6 Bxf6 15.
Bd6 Re8 16. Nbd2 Qb6 17. Bb4 a6 18. bxa6 bxa6 19. Qa4 Nc6 20. Rfc1 Rec8 21. Nb3
Nf8 22. Bc5 Qb7 23. Bxf8 Kxf8 24. Nc5 Qe7 25. Bxa6 Rc7 26. g4 Nxd4 27. Nxd4
Rxc5 28. gxf5 Bxd4 29. Qxd4 Rxc1+ 30. Rxc1 Qg5+ 31. Kh2 Qxc1 32. Qb4+ Kg8 33.
Qd6 Qd2 34. Qxe6+ Kh8 35. Kg2 Qg5+ 36. Kh2 Qf4+ 37. Kg2 Qe4+ 38. Qxe4 dxe4 39.
Bb7 Rxa3 40. Bxe4 Kg8 41. Bd5+ Kf8 42. Be6 Ke7 43. Bg8 h6 44. Bh7 Kf6 45. f3
Kg5 46. Kg3 Ra4 47. f6 Kxf6 48. Be4 Ke5 49. Bc6 Rf4 50. Be8 Rf6 51. Kg4 Kd4 52.
Ba4 Ke3 53. Bd1 Rg6+ 54. Kh4 Kf4 55. Bb3 h5 56. Bc2 Rh6 0-1

[Event "L.Rudenko Memorial 2011"]
[Site "St. Petersburg"]
[Date "2011.08.30"]
[Round "8"]
[White "Travkina, Anastasia"]
[Black "Galojan, Lilit"]
[Result "0-1"]
[WhiteElo "2176"]
[BlackElo "2389"]
[PlyCount "106"]
[EventDate "2011.08.23"]

1. e4 g6 2. d4 Bg7 3. Nf3 d6 4. Be2 Nf6 5. Nc3 O-O 6. O-O c6 7. h3 Qc7 8. Bf4
Nh5 9. Bh2 e5 10. Bc4 b5 11. Bb3 a5 12. a4 b4 13. Ne2 Nd7 14. Re1 Ba6 15. c3
Rab8 16. Rb1 Nhf6 17. Bc2 c5 18. dxe5 dxe5 19. b3 Rfe8 20. c4 Rbd8 21. Qc1 Nf8
22. Qb2 N6d7 23. Rbd1 f6 24. Nd2 Ne6 25. Nf1 Bh6 26. Ne3 Bxe3 27. fxe3 Nb6 28.
Nc1 Bb7 29. Nd3 Qg7 30. Nf2 Rxd1 31. Rxd1 Rd8 32. Qc1 Rxd1+ 33. Qxd1 Qd7 34.
Qe2 Kg7 35. h4 Bc6 36. Qd1 Qxd1+ 37. Bxd1 h5 38. Kf1 Bxa4 39. bxa4 Nxc4 40. Ke2
Nb6 41. Nd3 c4 42. Nb2 Nc5 43. Bg3 Nxe4 44. Be1 Nc5 45. Bc2 c3 46. Nd3 Nbxa4
47. Bxa4 Nxa4 48. Kd1 e4 49. Nf4 Kf7 50. Kc2 Nb2 51. Nd5 Nd3 52. Bg3 a4 53. Nf4
a3 0-1

[Event "L.Rudenko Memorial 2011"]
[Site "St. Petersburg"]
[Date "2011.08.30"]
[Round "8"]
[White "Bivol, Alina"]
[Black "Kostrikina, Anna"]
[Result "1-0"]
[WhiteElo "2171"]
[BlackElo "2079"]
[PlyCount "87"]
[EventDate "2011.08.23"]

1. e4 c5 2. Nf3 e6 3. b3 Nc6 4. Bb2 d6 5. d4 cxd4 6. Nxd4 Nf6 7. Nxc6 bxc6 8.
e5 Nd5 9. c4 Qa5+ 10. Qd2 Qxd2+ 11. Kxd2 Nb4 12. a3 Na6 13. exd6 f6 14. Be2
Bxd6 15. Bf3 Bd7 16. Kc2 O-O-O 17. Nc3 Be8 18. b4 Be5 19. Rad1 Bg6+ 20. Ne4 Bc7
21. Kb3 h6 22. Bd4 Bb6 23. c5 Bc7 24. Be3 Bxe4 25. Bxe4 Nb8 26. a4 a6 27. Bd3
Rhe8 28. b5 axb5 29. axb5 cxb5 30. Bxb5 Rxd1 31. Rxd1 Rd8 32. Ra1 Kb7 33. Kc4
Be5 34. Rb1 Kc8 35. f4 Bc7 36. Ra1 Kb7 37. g3 Rf8 38. Rb1 Kc8 39. c6 Rd8 40.
Ra1 Rf8 41. Ra8 Bd6 42. Bb6 Bc7 43. Ba6+ Kd8 44. Rxb8+ 1-0

[Event "L.Rudenko Memorial 2011"]
[Site "St. Petersburg"]
[Date "2011.08.30"]
[Round "8"]
[White "Korchagina, Viktoria"]
[Black "Kostitsina, Liubov"]
[Result "1-0"]
[WhiteElo "2109"]
[BlackElo "2017"]
[PlyCount "65"]
[EventDate "2011.08.23"]

1. e4 c5 2. Nf3 d6 3. d4 cxd4 4. Nxd4 Nf6 5. Nc3 a6 6. f3 e6 7. Be3 Nbd7 8. Qd2
b5 9. O-O-O Bb7 10. g4 Nb6 11. Bd3 Rc8 12. h4 Nc4 13. Bxc4 Rxc4 14. Nb3 Qc7 15.
g5 Nd7 16. h5 b4 17. Ne2 Ne5 18. Ned4 Be7 19. g6 hxg6 20. hxg6 Nxg6 21. Rxh8+
Nxh8 22. Qh2 Ng6 23. Rg1 d5 24. f4 e5 25. Ne6 fxe6 26. Rxg6 d4 27. Qh8+ Bf8 28.
Rxe6+ Kd7 29. Rxe5 Rxc2+ 30. Kd1 Rxb2 31. Nc5+ Bxc5 32. Qe8+ Kd6 33. Qe6# 1-0

[Event "L.Rudenko Memorial 2011"]
[Site "St. Petersburg"]
[Date "2011.08.30"]
[Round "8"]
[White "Azimova, Karina"]
[Black "Styazhkina, Anna"]
[Result "1-0"]
[WhiteElo "2067"]
[BlackElo "2039"]
[PlyCount "63"]
[EventDate "2011.08.23"]

1. e4 c5 2. Nf3 Nc6 3. d3 g6 4. g3 Bg7 5. Bg2 e6 6. O-O Nge7 7. Nbd2 O-O 8. Re1
d5 9. e5 Qc7 10. Qe2 b5 11. Nf1 h5 12. h4 Nf5 13. Bf4 Bb7 14. N1h2 c4 15. Rac1
Qa5 16. g4 hxg4 17. Nxg4 Ncd4 18. Nxd4 Nxd4 19. Qe3 Nf5 20. Qh3 cxd3 21. cxd3
Rfc8 22. h5 Rxc1 23. Rxc1 gxh5 24. Qxh5 Rc8 25. Rf1 Qc7 26. Bg5 d4 27. Be4 Bxe4
28. dxe4 Ne7 29. Nh6+ Bxh6 30. Qxh6 f5 31. Qxe6+ Kh8 32. Qf7 1-0

[Event "L.Rudenko Memorial 2011"]
[Site "St. Petersburg"]
[Date "2011.08.30"]
[Round "8"]
[White "Markelova, Lubov"]
[Black "Tskhadadze, Anna"]
[Result "1-0"]
[WhiteElo "2074"]
[BlackElo "1761"]
[PlyCount "59"]
[EventDate "2011.08.23"]

1. Nf3 d5 2. d4 Nf6 3. c4 e6 4. Nc3 Be7 5. cxd5 exd5 6. Bg5 O-O 7. Qc2 Re8 8.
e3 Ne4 9. Bxe7 Rxe7 10. Bd3 f5 11. Nxd5 Rf7 12. Nf4 Nd6 13. Ne5 Rf8 14. g4 Nc6
15. O-O-O g5 16. Qb3+ Kh8 17. Nh5 Qe8 18. h4 Nxe5 19. dxe5 Qxe5 20. hxg5 Be6
21. Qc2 Bd5 22. g6 hxg6 23. Nf4+ Kg7 24. Nxd5 Qxd5 25. Qc3+ Kf7 26. Rh7+ Ke8
27. Bc2 Qe6 28. Ba4+ c6 29. Bxc6+ Kd8 30. Bxb7 1-0

[Event "L.Rudenko Memorial 2011"]
[Site "St. Petersburg"]
[Date "2011.08.30"]
[Round "8"]
[White "Shulakova, Svetlana"]
[Black "Katyshkina, Anastasia"]
[Result "0-1"]
[WhiteElo "2177"]
[BlackElo "1936"]
[PlyCount "106"]
[EventDate "2011.08.23"]

1. d4 Nf6 2. c4 g6 3. Nc3 d5 4. cxd5 Nxd5 5. e4 Nxc3 6. bxc3 Bg7 7. Be3 c5 8.
Qd2 Nc6 9. d5 Ne5 10. h3 Qa5 11. Rc1 O-O 12. f4 Nd7 13. Nf3 Nf6 14. Bd3 Rd8 15.
c4 Qxd2+ 16. Nxd2 b6 17. O-O Ba6 18. Nf3 e6 19. Ne5 Nd7 20. Nf3 exd5 21. exd5
Nf6 22. Rcd1 Re8 23. Ne5 Nd7 24. d6 Bxe5 25. fxe5 Nxe5 26. Be4 Rad8 27. Bg5 Rd7
28. Rfe1 Nxc4 29. Be7 Nxd6 30. Bc6 Rdxe7 31. Bxe8 Rxe8 32. Rxe8+ Nxe8 33. Rd7
Bc4 34. Rxa7 b5 35. Ra8 Kf8 36. a3 Bb3 37. Rb8 Ba4 38. Kf2 Ke7 39. Rc8 c4 40.
Ke3 Nd6 41. Rc5 Ke6 42. g4 Nb7 43. Rc7 Nd8 44. Kd4 Kd6 45. Rc8 Ne6+ 46. Ke3 Kd7
47. Rh8 c3 48. Rxh7 Ng5 49. Rg7 c2 50. Kd2 Ne4+ 51. Kc1 Ke7 52. Rg8 Nf2 53. Kd2
Nd3 0-1

[Event "L.Rudenko Memorial 2011"]
[Site "St. Petersburg"]
[Date "2011.08.30"]
[Round "8"]
[White "Balaian, Alina"]
[Black "Butneva, Larisa"]
[Result "1-0"]
[WhiteElo "2163"]
[BlackElo "1868"]
[PlyCount "119"]
[EventDate "2011.08.23"]

1. e4 c5 2. Nf3 d6 3. d4 cxd4 4. Nxd4 Nf6 5. Nc3 a6 6. Be2 e5 7. Nb3 Be6 8. g4
h6 9. g5 hxg5 10. Bxg5 Be7 11. Qd2 Nbd7 12. O-O-O b5 13. f4 b4 14. Nd5 Nxd5 15.
exd5 Bxg5 16. fxg5 Bf5 17. Qxb4 Qxg5+ 18. Kb1 Qg2 19. Rhe1 Rh6 20. Nd4 Be4 21.
Nc6 Bxd5 22. Bf1 Qf3 23. Nd4 Qf6 24. Qa4 Be6 25. Bg2 Ra7 26. Nb5 Rh4 27. Nxd6+
Kf8 28. Qc6 Qd8 29. Nb7 Qe8 30. Rxd7 Qxd7 31. Qc5+ Kg8 32. Qxa7 Qd2 33. Rg1 Rd4
34. b3 Qf2 35. Rc1 Qxg2 36. Qb8+ Kh7 37. Qxe5 Rd2 38. Nc5 Rd5 39. Qe4+ Qxe4 40.
Nxe4 Rh5 41. a4 a5 42. Rh1 Bd5 43. Ng3 Rh3 44. Rd1 Be6 45. Rd2 Kh6 46. c4 Rh4
47. Kc2 Rf4 48. Kc3 g5 49. Ne2 Rf3+ 50. Rd3 Rf2 51. Nd4 Bd7 52. c5 Rxh2 53. Nf3
Rh3 54. Rxd7 Rxf3+ 55. Rd3 Rf1 56. Kc4 f5 57. c6 f4 58. c7 f3 59. c8=Q Rc1+ 60.
Rc3 1-0

[Event "L.Rudenko Memorial 2011"]
[Site "St. Petersburg"]
[Date "2011.08.30"]
[Round "8"]
[White "Chernyak, Viktoria"]
[Black "Kindinova, Ekaterina"]
[Result "0-1"]
[WhiteElo "1768"]
[BlackElo "2159"]
[PlyCount "92"]
[EventDate "2011.08.23"]

1. e4 c5 2. Nf3 e6 3. d4 cxd4 4. Nxd4 Nc6 5. Be2 Nf6 6. Nxc6 bxc6 7. Nd2 d5 8.
exd5 cxd5 9. O-O Be7 10. Nf3 O-O 11. Bg5 Bb7 12. c3 Nd7 13. Bxe7 Qxe7 14. Qc2
Rac8 15. Rfe1 Qf6 16. Bd3 h6 17. Qe2 Nc5 18. Ne5 Rfd8 19. Qe3 Rd6 20. Rad1 Qd8
21. Bb1 Rc7 22. f4 Ba8 23. Rd4 f6 24. Nf3 Rcd7 25. Rb4 Ne4 26. Nd2 Nxd2 27.
Qxd2 d4 28. Rxd4 Rxd4 29. cxd4 Rxd4 30. Qc2 f5 31. Qb3 Bd5 32. Qe3 Qb6 33. b3
Rxf4 34. Qxb6 axb6 35. Re2 Kf7 36. Bd3 Kf6 37. h3 g5 38. Rc2 h5 39. Be2 h4 40.
Rc3 Rd4 41. Rd3 Rxd3 42. Bxd3 Ke5 43. Kf2 Kd4 44. Be2 Kc3 45. g3 hxg3+ 46. Kxg3
Kb2 0-1